[Event "WYCC 2018 G18"]
[Site "Halkidiki"]
[Date "2018.10.20"]
[Round "1"]
[White "Shuvalova, Polina"]
[Black "Sevilla, Julia"]
[Result "1-0"]
[WhiteElo "2421"]
[BlackElo "1947"]
[Annotator "TA"]
[PlyCount "77"]
[EventDate "2018.10.20"]
[EventType "swiss"]
[EventCountry "GRE"]
[SourceTitle "playchess.com"]
[Source "ChessBase"]
[SourceQuality "1"]

{[%evp 18,77,36,27,49,22,54,60,62,0,12,4,19,12,23,-39,41,34,97,104,123,125,154,152,154,154,156,154,281,292,327,279,292,259,386,368,344,354,471,506,662,643,643,637,596,517,513,510,502,482,485,474,456,420,1056,1122,1197,1167,29981,29982,29981,29982]} 1. d4 d5 2. c4 c6 3. Nf3 Nf6 4. e3 e6 5. b3 Nbd7 6. Bb2 Bd6 7. Bd3 Ne4 8. O-O O-O {[%cal Bh8f8,Bf8f6,Bf6h6][%mdl 32]} 9. Nc3 f5 10. Ne2 {LiveBook: 41 Partien. A85: Holländische Verteidigung} Qe8 (10... b6 11. cxd5 cxd5 12. Ne5 Bb7 13. Bb5 Nxe5 14. dxe5 Bc5 15. Nd4 Qe7 16. f3 Ng5 {1-0 (47) Esipenko,A (2581)-Krasenkow,M (2644) Batumi 2018}) 11. Ne5 Rf6 $146 ({Vorgänger:} 11... Nxe5 12. dxe5 Be7 13. f3 Nc5 14. Bc2 dxc4 15. bxc4 b6 16. Nd4 {1-0 (31) Ottosen,P (2087)-Burmeister,R (2333) Helsingor 2009}) 12. f3 {Weiß steht etwas besser.} Ng5 13. h4 Nf7 {[%cal Rd7e5]} 14. f4 Rh6 15. g3 $36 {[%mdl 2048] Schwarz steht unter Druck.} Nf6 16. c5 (16. Nc3 $11) 16... Bxe5 ({Günstiger ist} 16... Be7 $15) 17. dxe5 $14 Ng4 {[#]} (17... Ne4 $14) 18. Bd4 $1 $16 Rg6 19. Kg2 h5 20. Qd2 Qe7 21. b4 {[%cal Bb3b4,Bb4b5][%mdl 32]} Qc7 22. a4 b6 (22... a5 $16 {ist wohl besser.} 23. bxa5 Rxa5) 23. Rfc1 $18 Nd8 24. b5 Bd7 25. Rab1 {[%cal Ba1b1,Bb1b6,Bb6d6][%mdl 32]} Rb8 (25... Kh7 {war angesagt.} 26. bxc6 Bxc6 27. cxb6 axb6 28. Rxb6 (28. Bxb6 d4+ 29. e4 Qd7 $18) 28... Rxa4) 26. cxb6 axb6 {beabsichtigt ...c5.} 27. bxc6 Nxc6 28. Bb5 Rc8 29. Bxc6 Bxc6 30. Rxb6 Qd7 31. Qc3 Nxe3+ 32. Qxe3 Bxa4 33. Rd6 Qb7 34. Rxc8+ Qxc8 35. Qc3 Qb7 (35... Qc4 $142 36. Qxc4 dxc4 37. Rd8+ Kh7) 36. Rb6 Qd7 37. Rb8+ Kf7 38. Qb4 {[%csl Gb4][%cal Rb8f8]} Rh6 39. Rb7 {Precision: Weiß = 82%, Schwarz = 21%.} 1-0

[Event "WYCC 2018 G18"]
[Site "Halkidiki"]
[Date "2018.10.20"]
[Round "1"]
[White "Garcia Martin, Marta"]
[Black "Koehler, Inken"]
[Result "1/2-1/2"]
[WhiteElo "2329"]
[BlackElo "1934"]
[Annotator "TA"]
[PlyCount "133"]
[EventDate "2018.10.20"]
[EventType "swiss"]
[EventCountry "GRE"]
[SourceTitle "playchess.com"]
[Source "ChessBase"]
[SourceQuality "1"]

{[%evp 13,133,45,44,41,43,39,41,39,47,29,31,31,35,20,52,10,59,50,62,-34,-32,-41,-20,-19,-20,-135,-20,-24,-25,-57,-33,-52,53,58,235,242,224,234,224,224,224,227,219,223,210,227,240,239,244,243,218,199,263,226,241,233,234,220,264,254,252,243,239,235,339,350,335,351,343,324,296,242,383,341,333,295,319,475,250,202,453,453,410,721,699,679,564,801,745,606,1110,1105,1837,1837,1837,1080,1814,1674,1315,1217,1150,1135,1082,0,0,0,5128,0,0,0,0,0,0,0,0,0,0,0,0,0,8,0]} 1. e4 c5 2. Nf3 e6 3. d4 cxd4 4. Nxd4 a6 5. g3 Nf6 6. Bg2 Qc7 7. O-O Be7 {LiveBook: 25 Games} 8. Re1 {A46: 1 d4 Nf6 2 Nf3 e6: Torre, London and Colle Systems} (8. Nd2 O-O 9. Qe2 d6 10. a4 Nc6 11. Nxc6 bxc6 12. e5 dxe5 13. Nc4 Nd7 14. Rd1 f5 15. Bd2 e4 {0-1 (63) Romero Holmes,A (2518)-Flores,D (2584) Bogota 2010}) 8... d6 9. b3 O-O 10. c4 {White is slightly better.} Nc6 11. Nxc6 bxc6 12. Nc3 Bb7 13. Bf4 $146 ({Predecessor:} 13. Bb2 Rfd8 14. Qe2 c5 {½-½ (16) Barlocco,C (2148)-Poloch,P (2291) Imperia 2004}) 13... Rfd8 14. Qe2 e5 15. Be3 d5 16. Bg5 ({White should play} 16. exd5 $14 cxd5 17. Bg5) 16... d4 $36 {[%mdl 2048] White is under pressure.} 17. Na4 {[%cal Bc3a4,Ba4b2,Bb2d3][%mdl 32]} c5 18. f4 h6 19. Bh4 (19. fxe5 $1 $11 d3 20. Qb2 hxg5 21. exf6 Bxf6 22. e5 Bxg2 23. Kxg2) 19... Rab8 ({Black should try} 19... exf4 $17 {White must now prevent ...g5.} 20. gxf4 Qxf4) 20. Nb2 $11 Re8 21. Nd3 exf4 {aiming for ...g5.} 22. e5 {[%cal Be4e5,Be5d6,Bd6d7][%mdl 32]} Nh7 (22... Bxg2 $15 23. Kxg2 Nd7 24. Bxe7 f3+ 25. Qxf3 Rxe7) 23. Bxe7 $14 f3 $2 (23... Qxe7 $14 24. gxf4 a5) 24. Bd6 $18 (24. Bxf3 Bxf3 25. Qxf3 Rxe7 $11) 24... Qxd6 25. exd6 fxe2 26. d7 (26. Nxc5 Bxg2 27. Kxg2 Nf6 $11) 26... Red8 {[#]} 27. Bxb7 $1 ({Weaker is} 27. Rxe2 Bxg2 28. Kxg2 Nf6 $16) 27... Rxb7 28. Nxc5 Rc7 29. Rxe2 {Re8+ is the strong threat.} Nf6 30. Nxa6 Rcxd7 {intending ...d3.} 31. Nc5 Ra7 32. Rd1 Rc7 (32... Ra3 $142 33. Nd3 Ra7) 33. Ne4 Nxe4 34. Rxe4 {[%mdl 4096] Endgame KRR-KRR} d3 35. Rd2 f5 36. Re5 g6 37. Kf2 Kf7 38. Ke3 Kf6 (38... Rcd7 {was worth a try.} 39. a4 Kf6) 39. Rd5 Rxd5 40. cxd5 {KR-KR} Ke5 41. Rxd3 Kd6 42. Kd2 Rc5 (42... g5 $142 43. a4 Rb7) 43. a4 {[%cal Ba2a4,Ba4a5][%mdl 32]} g5 44. h4 Rc7 45. hxg5 hxg5 46. Rd4 Rc8 $2 (46... Ra7 {keeps fighting.} 47. Rd3 Rb7) 47. a5 Ke5 48. Rd3 (48. Kd3 $142) 48... Kd6 49. b4 Rb8 50. Kc3 Rc8+ 51. Kb3 f4 52. gxf4 gxf4 53. a6 Rf8 54. Rd1 f3 55. Kc4 f2 {[#]} 56. Rf1 $1 Rf7 57. Kb5 Kxd5 58. Kb6 $2 ({Only move:} 58. a7 $1 $18 {[%cal Ra7a8]} Rxa7 59. Rxf2) 58... Rf6+ $11 59. Ka5 Rf3 $2 {[%mdl 8192]} (59... Kc6 $11) 60. b5 $2 ({White has to play} 60. a7 $18 Kd4 61. b5 (61. Rxf2 Rxf2 62. Ka6 Rf8 $11)) 60... Kc5 $1 {[%cal Rf3a3] The position is equal.} 61. Rc1+ Kd4 62. a7 f1=Q $1 {[%cal Rf1c1]} 63. Rxf1 Rxf1 64. Kb6 Ra1 65. Kb7 Kc4 66. b6 Kc5 67. Kc7 {Precision: White = 64%, Black = 37%.} 1/2-1/2

[Event "WYCC 2018 G18"]
[Site "Halkidiki"]
[Date "2018.10.20"]
[Round "1"]
[White "Obolentseva, Alexandra"]
[Black "Vlkova, Anezka"]
[Result "1-0"]
[WhiteElo "2298"]
[BlackElo "1925"]
[Annotator "NA"]
[PlyCount "83"]
[EventDate "2018.10.20"]
[EventType "swiss"]
[EventCountry "GRE"]
[SourceTitle "playchess.com"]
[Source "ChessBase"]
[SourceQuality "1"]
[TimeControl "40/5400+30:1800+30"]

1. d4 {[%emt 0:00:00]} Nf6 {[%emt 0:00:00]} 2. c4 {[%emt 0:00:00]} g6 {[%emt 0:00:00]} 3. Nc3 {[%emt 0:00:00]} Bg7 {[%emt 0:00:00]} 4. e4 {[%emt 0:00:00]} d6 {[%emt 0:00:00]} 5. Nf3 {[%emt 0:00:03]} O-O {[%emt 0:00:00]} 6. Be2 {[%emt 0:00:06]} e5 {[%emt 0:00:03]} 7. O-O {[%emt 0:00:07]} Nc6 {[%emt 0:00:10]} 8. d5 {[%emt 0:00:05]} Ne7 {[%emt 0:00:03]} 9. b4 {[%emt 0:00:06]} a5 {[%emt 0:00:05]} 10. bxa5 {[%emt 0:00:11]} c5 {[%emt 0:00:05]} 11. Nd2 {[%emt 0:00:48]} Rxa5 {[%emt 0:00:36]} 12. a4 {[%emt 0:00:10]} Ne8 {[%emt 0:01:23] E97: King's Indian: Classical Main Line (6...e5 7 0-0 Nc6): 8 Be3 and 8 d5 Ne7, not 9 Ne1} (12... Nd7 13. Nb5 Ra6 14. Ra3 f5 15. exf5 gxf5 16. Qc2 Ng6 17. Re1 Nf6 18. Nf1 Kh8 19. Ng3 Qd7 20. Bd3 {0-1 (30) Panelo Munoz,M (2373)-Grigoryan,K (2533) Barcelona 2016}) 13. Nb3 {[%emt 0:00:11]} Ra6 {[%emt 0:00:04]} 14. a5 {[%emt 0:01:09]} f5 {[%emt 0:03:06]} 15. Bd2 {[%emt 0:06:19]} Nf6 {[%emt 0:01:47]} 16. f3 {[%emt 0:00:18]} Bd7 {[%emt 0:06:34]} 17. Qc2 {[%emt 0:00:56]} f4 {[%emt 0:01:29]} 18. Na4 $146 {[%emt 0:00:36]} ({Predecessor:} 18. g4 h5 19. g5 Nh7 20. h4 Nxg5 21. hxg5 Nf5 22. exf5 Qxg5+ 23. Kh1 Qh4+ 24. Kg1 {½-½ (24) Henrichsen,J (2070)-Olsen,H (2300) Herlev 1997}) 18... Nc8 {[%emt 0:01:50] [#]} 19. Naxc5 $1 {[%emt 0:05:30]} dxc5 {[%emt 0:08:18]} 20. Nxc5 {[%emt 0:00:07]} Ra7 {[%emt 0:01:48]} 21. Bb4 {[%emt 0:04:59]} Re8 {[%emt 0:06:57]} 22. Nxd7 {[%emt 0:02:06]} Nxd7 {[%emt 0:05:59]} 23. c5 {[%emt 0:00:13]} Ne7 {[%emt 0:02:22]} 24. Bb5 {[%emt 0:01:48]} Kh8 {[%emt 0:09:08]} 25. Qa4 {[%emt 0:01:44]} Nf6 {[%emt 0:05:57]} 26. Bxe8 {[%emt 0:00:07]} Nxe8 {[%emt 0:00:24]} 27. Be1 {[%emt 0:00:19]} Nf6 {[%emt 0:09:40]} 28. Bf2 {[%emt 0:00:18]} Ra6 {[%emt 0:00:22]} 29. Qb5 {[%emt 0:00:47]} Bf8 {[%emt 0:10:41]} 30. Qxb7 {[%emt 0:01:02]} Rxa5 {[%emt 0:00:55]} 31. d6 {[%emt 0:00:13]} Neg8 {[%emt 0:00:46]} 32. Qc7 {[%emt 0:01:00]} Qxc7 {[%emt 0:07:43]} 33. dxc7 {[%emt 0:00:06]} Rxc5 {[%emt 0:00:05]} 34. Bxc5 {[%emt 0:00:24]} Bxc5+ {[%emt 0:00:05]} 35. Kh1 {[%emt 0:00:08]} Ne7 {[%emt 0:00:37]} 36. Rfc1 {[%emt 0:00:23]} Bd4 {[%emt 0:02:33]} 37. c8=Q+ {[%emt 0:00:24]} Nxc8 {[%emt 0:00:05]} 38. Rxc8+ {[%emt 0:00:06]} Kg7 {[%emt 0:00:05]} 39. Rb1 {[%emt 0:00:06]} g5 {[%emt 0:01:24]} 40. Rb7+ {[%emt 0:00:00]} Kg6 $18 {[%emt 0:00:00]} 41. Re7 {[%emt 0:00:33]} g4 {[%emt 0:04:04]} 42. Rc6 {[%emt 0:00:15]} 1-0

[Event "WYCC 2018 G18"]
[Site "Halkidiki"]
[Date "2018.10.20"]
[Round "1"]
[White "Sliwicka, Alicja"]
[Black "Kieu, Bich Thuy"]
[Result "1-0"]
[WhiteElo "2264"]
[BlackElo "1913"]
[Annotator "NA"]
[PlyCount "53"]
[EventDate "2018.10.20"]
[EventType "swiss"]
[EventCountry "GRE"]
[SourceTitle "playchess.com"]
[Source "ChessBase"]
[SourceQuality "1"]
[TimeControl "40/5400+30:1800+30"]

1. e4 {[%emt 0:00:00]} g6 {[%emt 0:00:00]} 2. d4 {[%emt 0:00:00]} Bg7 {[%emt 0:00:00]} 3. Nc3 {[%emt 0:00:00]} d6 {[%emt 0:00:08]} 4. f4 {[%emt 0:00:00]} Nf6 {[%emt 0:00:24]} 5. Nf3 {[%emt 0:00:12]} O-O {[%emt 0:00:22]} 6. Bd3 {[%emt 0:00:10]} c5 {[%emt 0:03:26]} 7. dxc5 {[%emt 0:01:32]} dxc5 {[%emt 0:00:08]} 8. e5 {[%emt 0:01:53]} Ne8 {[%emt 0:05:21] B09: Pirc-Ufimzew-Verteidigung (Dreibauernangriff)} (8... Nd5 9. Nxd5 Qxd5 10. Qe2 Bf5 11. Bxf5 gxf5 12. O-O Nc6 13. Rd1 Qe6 14. Be3 b6 15. Ng5 Qg6 16. h4 h5 17. Bf2 Rad8 18. Rxd8 Rxd8 {0-1 (43) Aronian,L (2813)-Svidler,P (2769) Stavanger 2013}) 9. Be3 {[%emt 0:01:54]} Qa5 {[%emt 0:04:16]} 10. O-O {[%emt 0:02:35]} Nc7 {[%emt 0:06:17]} 11. Nd2 {[%emt 0:05:24]} Be6 $146 {[%emt 0:10:26]} ({Vorgänger:} 11... Nc6 12. Nb3 Qb6 13. Bxc5 {1-0 (13) McAndrew,H-Wakeham,M IECG email 2004}) 12. Nb3 {[%emt 0:05:05]} Bxb3 {[%emt 0:08:34]} 13. axb3 {[%emt 0:00:21]} Qb6 {[%emt 0:00:32]} 14. Na4 {[%emt 0:01:31]} Qc6 {[%emt 0:00:57]} 15. Nxc5 {[%emt 0:01:30]} Rd8 {[%emt 0:00:53]} 16. Qe2 {[%emt 0:03:06]} Nd5 {[%emt 0:13:50]} 17. Be4 {[%emt 0:01:34]} Nd7 {[%emt 0:03:41]} 18. c4 {[%emt 0:12:32]} Nxc5 {[%emt 0:01:00]} 19. cxd5 {[%emt 0:06:52]} Qb6 {[%emt 0:01:17]} 20. Rfc1 $18 {[%emt 0:05:59]} Rdc8 {[%emt 0:01:59]} 21. Qc4 {[%emt 0:03:24]} Qxb3 {[%emt 0:04:37]} 22. Bxc5 {[%emt 0:00:44]} Qxc4 {[%emt 0:00:14]} 23. Rxc4 {[%emt 0:00:07]} b6 {[%emt 0:00:07]} 24. d6 {[%emt 0:00:54]} Rab8 {[%emt 0:00:05]} 25. d7 {[%emt 0:00:20]} Rxc5 {[%emt 0:00:31]} 26. Rxc5 {[%emt 0:00:12]} bxc5 {[%emt 0:00:04]} 27. Rxa7 {[%emt 0:00:20]} 1-0

[Event "WYCC 2018 G18"]
[Site "Halkidiki"]
[Date "2018.10.20"]
[Round "1"]
[White "Kiolbasa, Oliwia"]
[Black "Tsivelekidou, Evgenia"]
[Result "1-0"]
[WhiteElo "2254"]
[BlackElo "1891"]
[Annotator "NA"]
[PlyCount "75"]
[EventDate "2018.10.20"]
[EventType "swiss"]
[EventCountry "GRE"]
[SourceTitle "playchess.com"]
[Source "ChessBase"]
[SourceQuality "1"]
[TimeControl "40/5400+30:1800+30"]

1. e4 {[%emt 0:00:00]} e5 {[%emt 0:00:00]} 2. Nf3 {[%emt 0:00:00]} Nc6 {[%emt 0:00:00]} 3. Bb5 {[%emt 0:00:00]} a6 {[%emt 0:00:00]} 4. Ba4 {[%emt 0:00:07]} Nf6 {[%emt 0:00:00]} 5. O-O {[%emt 0:00:15]} Be7 {[%emt 0:00:08]} 6. Re1 {[%emt 0:00:16]} b5 {[%emt 0:00:07]} 7. Bb3 {[%emt 0:00:09]} d6 {[%emt 0:01:28]} 8. c3 {[%emt 0:00:07]} O-O {[%emt 0:00:07]} 9. h3 {[%emt 0:00:14]} Nb8 {[%emt 0:00:26]} 10. d4 {[%emt 0:00:18]} Nbd7 {[%emt 0:00:06]} 11. c4 {[%emt 0:00:19]} b4 {[%emt 0:07:13]} 12. Nbd2 {[%emt 0:12:40]} c5 {[%emt 0:02:58]} 13. d5 {[%emt 0:03:53]} Ne8 {[%emt 0:03:25]} 14. Nf1 $14 {[%emt 0:04:59]} g6 {[%emt 0:04:01]} 15. Bh6 {[%emt 0:02:45]} Ng7 {[%emt 0:02:21]} 16. Bc2 {[%emt 0:00:11]} f5 {[%emt 0:05:44]} 17. exf5 {[%emt 0:03:45]} gxf5 {[%emt 0:01:18]} 18. Ng3 {[%emt 0:01:05]} e4 {[%emt 0:13:30]} 19. Nd2 {[%emt 0:03:01]} Bg5 {[%emt 0:17:19]} 20. Bxg7 {[%emt 0:09:12]} Kxg7 {[%emt 0:00:13]} 21. Ndxe4 {[%emt 0:00:24]} fxe4 {[%emt 0:02:05]} 22. Nxe4 {[%emt 0:00:13]} Ne5 {[%emt 0:04:19]} 23. Qh5 {[%emt 0:04:39]} h6 {[%emt 0:05:45]} 24. Nxd6 {[%emt 0:06:25]} Qxd6 {[%emt 0:04:39]} 25. Rxe5 {[%emt 0:00:43]} Ra7 {[%emt 0:04:32]} 26. Rxg5+ {[%emt 0:11:33]} hxg5 {[%emt 0:00:15]} 27. Qh7+ {[%emt 0:00:13]} Kf6 {[%emt 0:00:10]} 28. Qg6+ {[%emt 0:04:09]} Ke7 {[%emt 0:00:59]} 29. Re1+ {[%emt 0:00:09]} Kd7 {[%emt 0:02:01]} 30. Qg7+ {[%emt 0:00:38]} Kd8 {[%emt 0:00:48]} 31. Qxa7 {[%emt 0:00:15]} g4 {[%emt 0:03:18]} 32. hxg4 {[%emt 0:03:05]} Rh8 {[%emt 0:02:14]} 33. g3 {[%emt 0:03:48]} Rh3 {[%emt 0:03:07]} 34. Kg2 {[%emt 0:03:38]} Bxg4 {[%emt 0:04:28]} 35. Qg7 {[%emt 0:01:13]} Bd7 {[%emt 0:02:04]} 36. Ba4 {[%emt 0:03:43]} Rh5 {[%emt 0:02:01]} 37. Bxd7 {[%emt 0:00:37]} Qxd7 {[%emt 0:00:24]} 38. Qf8+ {[%emt 0:00:11]} 1-0

[Event "WYCC 2018 G18"]
[Site "Halkidiki"]
[Date "2018.10.20"]
[Round "1"]
[White "Antolak, Julia"]
[Black "Dong, Khanh Linh"]
[Result "1-0"]
[WhiteElo "2240"]
[BlackElo "1879"]
[Annotator "NA"]
[PlyCount "65"]
[EventDate "2018.10.20"]
[EventType "swiss"]
[EventCountry "GRE"]
[SourceTitle "playchess.com"]
[Source "ChessBase"]
[SourceQuality "1"]
[TimeControl "40/5400+30:1800+30"]

1. e4 {[%emt 0:00:00]} Nf6 {[%emt 0:00:00]} 2. e5 {[%emt 0:00:00]} Nd5 {[%emt 0:00:11]} 3. d4 {[%emt 0:00:00]} d6 {[%emt 0:00:05]} 4. exd6 {[%emt 0:00:10]} exd6 {[%emt 0:00:55]} 5. c4 {[%emt 0:00:11]} Nb6 {[%emt 0:00:11]} 6. Nc3 {[%emt 0:00:07]} Be7 {[%emt 0:00:16]} 7. Bd3 {[%emt 0:00:10]} Nc6 {[%emt 0:00:15]} 8. Nge2 {[%emt 0:00:14]} Bg4 {[%emt 0:01:23]} 9. Be3 {[%emt 0:05:22]} Bf6 {[%emt 0:03:27]} 10. Qd2 {[%emt 0:15:48]} Nb4 {[%emt 0:11:25]} 11. b3 {[%emt 0:08:15]} Nxd3+ {[%emt 0:04:55]} 12. Qxd3 {[%emt 0:00:11]} Qe7 {[%emt 0:04:53]} 13. O-O {[%emt 0:05:19]} O-O {[%emt 0:04:20]} 14. Ng3 {[%emt 0:06:13]} c6 {[%emt 0:07:58]} 15. Rfe1 {[%emt 0:02:48]} Bg5 {[%emt 0:14:51]} 16. h3 {[%emt 0:06:28]} Bd7 {[%emt 0:03:28]} 17. d5 {[%emt 0:08:07]} Rfe8 {[%emt 0:10:55]} 18. Re2 {[%emt 0:21:39]} Bxe3 {[%emt 0:07:11]} 19. Rxe3 {[%emt 0:00:02]} Qf8 {[%emt 0:04:51]} 20. dxc6 {[%emt 0:02:09]} Rxe3 {[%emt 0:07:05]} 21. Qxe3 {[%emt 0:00:23]} Bxc6 {[%emt 0:00:26]} 22. Rd1 {[%emt 0:00:44]} Re8 {[%emt 0:01:31]} 23. Qd4 {[%emt 0:02:34]} Re6 {[%emt 0:01:11]} 24. b4 {[%emt 0:01:03]} Qe7 {[%emt 0:05:51]} 25. b5 {[%emt 0:01:09]} Re1+ {[%emt 0:02:13]} 26. Rxe1 {[%emt 0:00:36]} Qxe1+ {[%emt 0:00:03]} 27. Kh2 {[%emt 0:00:05]} Bd7 {[%emt 0:01:33]} 28. Nce4 {[%emt 0:03:41]} Qc1 {[%emt 0:01:43]} 29. Nxd6 {[%emt 0:00:31]} Be6 {[%emt 0:00:26]} 30. Ndf5 {[%emt 0:03:36]} f6 {[%emt 0:00:52]} 31. Qd8+ {[%emt 0:00:10]} Kf7 {[%emt 0:00:04]} 32. Qe7+ {[%emt 0:00:04]} Kg6 {[%emt 0:00:09]} 33. Qxg7# {[%emt 0:00:04]} 1-0

[Event "WYCC 2018 G18"]
[Site "Halkidiki"]
[Date "2018.10.20"]
[Round "1"]
[White "Dimitrova, Aleksandra"]
[Black "Nemcova, Kamila"]
[Result "0-1"]
[WhiteElo "2228"]
[BlackElo "1879"]
[Annotator "NA"]
[PlyCount "70"]
[EventDate "2018.10.20"]
[EventType "swiss"]
[EventCountry "GRE"]
[SourceTitle "playchess.com"]
[Source "ChessBase"]
[SourceQuality "1"]
[TimeControl "40/5400+30:1800+30"]

1. e4 {[%emt 0:00:00]} c5 {[%emt 0:00:00]} 2. Nf3 {[%emt 0:00:00]} d6 {[%emt 0:00:00]} 3. d4 {[%emt 0:00:00]} cxd4 {[%emt 0:00:00]} 4. Nxd4 {[%emt 0:00:00]} Nf6 {[%emt 0:00:05]} 5. Nc3 {[%emt 0:00:00]} a6 {[%emt 0:00:08]} 6. h4 {[%emt 0:00:00]} e5 {[%emt 0:00:51]} 7. Nb3 {[%emt 0:00:01]} Be6 {[%emt 0:02:47]} 8. f4 {[%emt 0:00:23]} exf4 {[%emt 0:00:33]} 9. Bxf4 {[%emt 0:00:05]} Nc6 {[%emt 0:04:22]} 10. Qd2 {[%emt 0:00:41]} Ne5 {[%emt 0:04:18]} 11. Nd4 {[%emt 0:08:56]} Be7 {[%emt 0:07:28]} 12. O-O-O {[%emt 0:09:55]} Rc8 {[%emt 0:06:29]} 13. Nf5 {[%emt 0:05:58]} Bxf5 {[%emt 0:08:10]} 14. exf5 {[%emt 0:00:03]} Qa5 {[%emt 0:10:00]} 15. Kb1 {[%emt 0:11:00]} Qb4 $16 {[%emt 0:12:09]} 16. Bg5 {[%emt 0:11:06]} h6 {[%emt 0:18:06]} 17. Be3 {[%emt 0:05:42]} O-O {[%emt 0:05:40]} 18. Bd4 {[%emt 0:08:31]} Nc6 {[%emt 0:06:00]} 19. Be2 {[%emt 0:02:05]} Rfd8 {[%emt 0:05:04]} 20. a3 {[%emt 0:06:33]} Qa5 {[%emt 0:02:43]} 21. g4 {[%emt 0:01:20]} Nd7 {[%emt 0:01:59]} 22. g5 {[%emt 0:11:04]} hxg5 {[%emt 0:02:37]} 23. hxg5 {[%emt 0:00:42]} Nxd4 {[%emt 0:00:52]} 24. Qxd4 {[%emt 0:04:34]} Bxg5 {[%emt 0:00:27]} 25. Qg4 {[%emt 0:00:42]} Bf6 {[%emt 0:00:55]} 26. Qh5 {[%emt 0:00:56]} g6 {[%emt 0:00:29]} 27. Qh7+ {[%emt 0:00:32]} Kf8 {[%emt 0:00:10]} 28. fxg6 {[%emt 0:00:15]} fxg6 {[%emt 0:00:10]} 29. Rxd6 {[%emt 0:02:55]} Qe5 {[%emt 0:01:06]} 30. Rxd7 {[%emt 0:01:39]} Rxd7 {[%emt 0:00:14]} 31. Qxd7 {[%emt 0:00:02]} Rxc3 {[%emt 0:00:58]} 32. Rh7 {[%emt 0:02:46]} Rc7 {[%emt 0:00:32]} 33. Rf7+ {[%emt 0:04:06]} Kg8 {[%emt 0:00:06]} 34. Rxf6 {[%emt 0:01:38]} Rxd7 {[%emt 0:00:12]} 35. Rxg6+ {[%emt 0:00:02]} Kf7 {[%emt 0:00:40]} 0-1

[Event "WYCC 2018 G18"]
[Site "Halkidiki"]
[Date "2018.10.20"]
[Round "1"]
[White "Martynkova, Olena"]
[Black "Nguyen, Hong Ngoc"]
[Result "1/2-1/2"]
[WhiteElo "2188"]
[BlackElo "1861"]
[Annotator "NA"]
[PlyCount "79"]
[EventDate "2018.10.20"]
[EventType "swiss"]
[EventCountry "GRE"]
[SourceTitle "playchess.com"]
[Source "ChessBase"]
[SourceQuality "1"]
[TimeControl "40/5400+30:1800+30"]

1. d4 {[%emt 0:00:00]} e6 {[%emt 0:00:00]} 2. c4 {[%emt 0:00:20]} f5 {[%emt 0:00:21]} 3. Nf3 {[%emt 0:01:11]} Nf6 {[%emt 0:00:34]} 4. g3 {[%emt 0:00:45]} d5 {[%emt 0:01:08]} 5. Bg2 {[%emt 0:00:57]} c6 {[%emt 0:00:50]} 6. Bf4 {[%emt 0:01:37]} Bd6 {[%emt 0:01:49]} 7. Nbd2 {[%emt 0:10:59]} Bxf4 {[%emt 0:03:22]} 8. gxf4 {[%emt 0:00:04]} Qe7 {[%emt 0:01:30]} 9. e3 {[%emt 0:12:39]} Nbd7 {[%emt 0:07:52]} 10. O-O {[%emt 0:10:53]} O-O {[%emt 0:01:16]} 11. Ne5 {[%emt 0:13:58]} Ne4 {[%emt 0:04:27]} 12. Nxd7 {[%emt 0:07:42]} Bxd7 {[%emt 0:00:27]} 13. Nf3 {[%emt 0:08:43]} Kh8 {[%emt 0:02:12]} 14. Ne5 {[%emt 0:01:12]} Be8 {[%emt 0:00:31]} 15. f3 {[%emt 0:04:17]} Bh5 {[%emt 0:03:15]} 16. Qe1 {[%emt 0:01:10]} Nd6 {[%emt 0:00:48]} 17. c5 {[%emt 0:00:55]} Nf7 {[%emt 0:01:09]} 18. Nd3 {[%emt 0:04:56]} Rg8 {[%emt 0:08:33]} 19. Kh1 {[%emt 0:01:50]} h6 {[%emt 0:03:33]} 20. Qg3 {[%emt 0:02:28]} Qf6 {[%emt 0:05:18]} 21. Qh3 {[%emt 0:06:18]} Bg6 {[%emt 0:00:46]} 22. Ne5 {[%emt 0:01:22]} Bh7 {[%emt 0:01:28]} 23. Nxf7+ {[%emt 0:03:41]} Qxf7 {[%emt 0:00:11]} 24. Rg1 {[%emt 0:00:25]} Qf6 {[%emt 0:01:17]} 25. Bf1 {[%emt 0:00:28]} g5 {[%emt 0:00:43]} 26. fxg5 {[%emt 0:01:01]} hxg5 {[%emt 0:00:51]} 27. Bd3 {[%emt 0:02:03]} Rg7 {[%emt 0:00:26]} 28. Rg2 {[%emt 0:00:48]} Rag8 {[%emt 0:01:04]} 29. Rag1 {[%emt 0:00:07]} e5 {[%emt 0:03:23]} 30. dxe5 {[%emt 0:01:32]} Qxe5 {[%emt 0:00:17]} 31. Bb1 {[%emt 0:00:35]} Qf6 {[%emt 0:02:26]} 32. b4 {[%emt 0:00:29]} Qf7 {[%emt 0:01:22]} 33. Qh6 {[%emt 0:00:24]} g4 {[%emt 0:02:04]} 34. fxg4 {[%emt 0:00:35]} Rxg4 {[%emt 0:02:03]} 35. Rxg4 {[%emt 0:00:23]} fxg4 {[%emt 0:00:33]} 36. Bxh7 {[%emt 0:00:39]} Qf3+ {[%emt 0:03:10]} 37. Rg2 {[%emt 0:00:11]} Qf1+ {[%emt 0:00:11]} 38. Rg1 {[%emt 0:00:10]} Qf3+ {[%emt 0:00:07]} 39. Rg2 {[%emt 0:00:17]} Qf1+ {[%emt 0:00:20]} 40. Rg1 {[%emt 0:00:00]} 1/2-1/2